| 000 | 00499nam a2200157 a 4500 | ||
|---|---|---|---|
| 001 | 000021798 | ||
| 005 | 20200930011444.0 | ||
| 008 | 100913s1981 dr 000 0 spa d | ||
| 040 |
_aDO-SdBNP _bspa _cBNPHU |
||
| 082 |
_axxx _bG241s |
||
| 100 | 1 |
_aGarrido Puello, E. O. _984 |
|
| 245 | 1 | 3 |
_aEl sur en la historia, las ciencias y la literatura / _cE. O. Garrido Puello. |
| 260 |
_aSanto Domingo : _bUniversidad Nacional Pedro Hernríquez Ureña, _c1981. |
||
| 300 |
_a117 p. ; _c22 cm. |
||
| 049 | _aBNPD | ||
| 999 |
_c21296 _d21296 |
||